000 00511nam a2200169 i 4500
001 79090
003 ES-MaACL
005 20230906173910.0
007 t|
008 041019s1964 sp ||||1| val d
100 1 _aHernández-Casajuana, Fausto.
_962904
245 1 3 _aLa masía de Masiá /
_cFausto Hernández-Casajuana.
260 _aValencia :
_bDiputació de València,
_c1964.
300 _a93 p. ;
_c23 cm.
500 _aPremé Valencia de Literatura-Teatre 1952.
852 _aES-MaACL
_jC-25603
_bR.54141
999 _c79090
_d79090